| 000 | 00620nam a2200169 a 4500 | ||
|---|---|---|---|
| 001 | 000027253 | ||
| 005 | 20200930030713.0 | ||
| 008 | 110602s1953 dr 000 0 spa d | ||
| 040 |
_aDO-SdBNP _bspa _cBNPHU |
||
| 082 | _axxx | ||
| 110 | 2 |
_aRepública Dominicana _9447 |
|
| 240 | 1 | 0 | _a[Leyes, etc] |
| 245 | 1 | 0 |
_aSuplemento del índice general de la legislación de la República Dominicana : _bCorriente al año 1959 / _cSección de registro de leyes de la Consultoria Jurídica del Poder Ejecutivo. |
| 260 |
_aCiduad Trujillo, República Dominicana:, _c1953. |
||
| 300 |
_a239 p. ; _c25 cm. |
||
| 500 | _aEdición oficial | ||
| 999 |
_c26745 _d26745 |
||